000 00289cam a22000977a 4500
008 180718b1958 xxu||||| |||| 00| 0 eng d
082 _aK5 Un3c
245 _aReport of the regional census training centre for Asia and the Far east
260 _aNew York
_bUnited Nations
_c1958
300 _a31p.
999 _c428624
_d428624